|
|
|
|
| LEADER |
00000nab a2200000 a 4500 |
| 001 |
vtls010149494 |
| 003 |
SK-MaSNL |
| 005 |
20260304161042.0 |
| 008 |
250507c2010 xo ||||||||||||00 b|slo |
| 015 |
|
|
|a SNBRB2010/09
|2 snkbucl
|
| 035 |
|
|
|a (uuid)a49abf8e-ffdf-4e5d-b3e0-cfdd5e9e8515
|
| 035 |
|
|
|a urn:nbn:sk:snk-abeuv7
|
| 035 |
|
|
|a (urnnbn)urn:nbn:sk:snk:ar-0072pk
|
| 038 |
|
|
|a SNKBUCL
|
| 040 |
|
|
|a SNKBUCL
|b slo
|c SNKBUCL
|e AACR2
|
| 041 |
0 |
|
|a slo
|
| 044 |
|
|
|a xo
|c SK
|
| 080 |
|
|
|a 629.331.1
|2 2001
|
| 100 |
1 |
|
|a Benčič, Tibor
|4 aut
|9 274317
|
| 245 |
1 |
0 |
|a Pracant v revíri
|c Tibor Benčič
|
| 300 |
|
|
|b Fotogr., tab.
|
| 650 |
0 |
7 |
|a terénne automobily
|2 snkbucl
|9 71025
|
| 650 |
0 |
7 |
|a Mitsubishi L200 pick-up (terénny automobil)
|2 snkbucl
|9 1484492
|
| 650 |
0 |
7 |
|a testovanie
|2 snkbucl
|9 277941
|
| 773 |
0 |
|
|t Poľovníctvo a rybárstvo
|g Roč. 62, č. 9 (2010), s. 42
|x 0231-8768
|
| 850 |
|
|
|a Slovenská národná knižnica
|
| 852 |
|
|
|a Slovenská národná knižnica
|
| 958 |
|
|
|a article27
|
| 958 |
|
|
|a OND
|
| 999 |
|
|
|c 2969791
|d 2971721
|